| 000 | 00654nam a22002177a 4500 | ||
|---|---|---|---|
| 003 | UA-OsUOA | ||
| 001 | 132002 | ||
| 007 | ta | ||
| 008 | 20180625b un ||||| |||| 00| 0 ukr d | ||
| 100 | _aФіалко В. | ||
| 090 |
_a7 _bФ68 |
||
| 942 | _cSA | ||
| 040 |
_aUA-OsUOA _bfre _cUA-OsUOA _dUA-OsUOA |
||
| 245 | _aОбразна лексика українського драматичного театру другої половини ХХ століття: тенденції розвитку | ||
| 300 | _aС.7-14 | ||
| 955 | _a0 | ||
| 041 | _afre | ||
| 080 | _a7 | ||
| 773 | 0 | _w132001 | |
| 650 | 7 |
_a7 Мистецтво. Ігри. Спорт. _2UDC |
|
| 999 |
_c420483 _d420483 |
||